Statistics for Roman Empire Tile Select

Click here to take the quiz!

General Stats

  • This quiz has been taken 31 times
  • The average score is 34 of 45

Answer Stats

QuestionTileSelect% Correct
modern-day countries whose territory was part of the Roman Empire in 117 AD (according to this quiz)IsraelYes
97%
Roman emperorsAugustusYes
93%
people who were alive during the Roman Empire's rule (45 BC to 475 AD)Jesus ChristYes
93%
Roman buildings/structuresWestminster AbbeyNo
93%
people who were alive during the Roman Empire's rule (45 BC to 475 AD)Christopher ColumbusNo
90%
Roman controlled cities (at any time)ConstantinopleYes
90%
modern-day countries whose territory was part of the Roman Empire in 117 AD (according to this quiz)CyprusYes
90%
modern-day countries whose territory was part of the Roman Empire in 117 AD (according to this quiz)GreeceYes
90%
modern-day countries whose territory was part of the Roman Empire in 117 AD (according to this quiz)IrelandNo
90%
Roman controlled cities (at any time)PompeiiYes
90%
Roman buildings/structuresThe ColosseumYes
90%
Roman controlled cities (at any time)TimbuktuNo
90%
Roman controlled cities (at any time)BathYes
86%
Roman emperorsHerodNo
86%
modern-day countries whose territory was part of the Roman Empire in 117 AD (according to this quiz)HungaryYes
86%
Roman emperorsNeroYes
86%
modern-day countries whose territory was part of the Roman Empire in 117 AD (according to this quiz)QatarNo
86%
Roman emperorsXerxes IINo
86%
Roman emperorsAlexander the GreatNo
83%
Roman buildings/structuresArc de TriompheNo
83%
Roman controlled cities (at any time)MervNo
83%
people who were alive during the Roman Empire's rule (45 BC to 475 AD)MuhammadNo
83%
Roman buildings/structuresAppian WayYes
79%
Roman buildings/structuresDome of the RockNo
79%
people who were alive during the Roman Empire's rule (45 BC to 475 AD)Mansa MusaNo
79%
Roman emperorsRemusNo
79%
Roman controlled cities (at any time)TehranNo
79%
Roman controlled cities (at any time)ThessalonikiYes
79%
modern-day countries whose territory was part of the Roman Empire in 117 AD (according to this quiz)TurkmenistanNo
79%
people who were alive during the Roman Empire's rule (45 BC to 475 AD)Paul the ApostleYes
76%
Roman buildings/structuresThe PantheonYes
76%
Roman emperorsTitusYes
76%
Roman controlled cities (at any time)AntiochYes
72%
people who were alive during the Roman Empire's rule (45 BC to 475 AD)ArchimedesNo
72%
Roman emperorsConstantine IYes
72%
Roman emperorsPontius PilateNo
69%
Roman controlled cities (at any time)MeccaNo
66%
Roman buildings/structuresThe ParthenonNo
66%
modern-day countries whose territory was part of the Roman Empire in 117 AD (according to this quiz)SudanNo
62%
people who were alive during the Roman Empire's rule (45 BC to 475 AD)Atilla the HunYes
55%
modern-day countries whose territory was part of the Roman Empire in 117 AD (according to this quiz)RussiaYes
41%
Roman buildings/structuresPont du GardYes
38%
people who were alive during the Roman Empire's rule (45 BC to 475 AD)ApollosYes
28%
people who were alive during the Roman Empire's rule (45 BC to 475 AD)Julius CaesarNo
21%
Roman buildings/structuresMaison CarréeYes
10%

Score Distribution

Percentile by Number Answered

Percent of People with Each Score

Your Score History

You have not taken this quiz